MARC

LEADER 00000nam0a2200000 4500
001 72834
005 20231101212652.0
035 |a (RuTPU)RU\TPU\book\77668 
090 |a 72834 
100 |a 20050201d1970 k y0rusy50 ca 
101 0 |a rus 
102 |a RU 
105 |a a z 001zy 
200 1 |a Элементы теории эллиптических функций  |f Н. И. Ахиезер 
205 |a Изд. 2-е, перераб. 
210 |a Москва  |c Наука  |d 1970 
215 |a 304 с.  |c ил. 
225 1 |a Физико-математическая библиотека инженера 
320 |a Библиогр.: с. 304. 
606 |a Эллиптические функции  |2 stltpush  |3 (RuTPU)RU\TPU\subj\17097  |9 42925 
610 1 |a модулярные функции 
610 1 |a функции Вейерштрасса 
610 1 |a тэта-функции 
610 1 |a функции Якоби 
610 1 |a эллиптические интегралы 
610 1 |a конформные отображения 
610 1 |a дроби 
610 1 |a преобразование функций 
610 1 |a полиномы 
675 |a 517.583  |v 3 
700 1 |a Ахиезер  |b Н. И.  |g Наум Ильич 
801 1 |a RU  |b 63413507  |c 20050201  |g PSBO 
801 2 |a RU  |b 63413507  |c 20180227  |g PSBO 
942 |c BK